Statistics for Candidates for Democratic Nominee 2020

Click here to take the quiz!

General Stats

  • This quiz has been taken 9 times
  • The average score is 14 of 29

Answer Stats

HintAnswer% Correct
Senator from VermontBernie Sanders
100%
Former Vice President and SenatorJoseph Biden
100%
Senator from MassachusettsElizabeth Warren
89%
Former Senator from California and former Attorney GeneralKamala Harris
89%
Former Mayor of New York CityMichael Bloomberg
89%
Former South Bend, Indiana MayorPete Buttigieg
89%
Senator from MinnesotaAmy Klobuchar
67%
Entrepreneur and BusinessmanAndrew Yang
67%
Representative from HawaiiTulsi Gabbard
67%
Former Representative from TexasBeto O'Rourke
56%
Mayor of New York CityBill De Blasio
56%
Former Mayor of Newark and Current Senator from New JerseyCory Booker
56%
Hedge Fund ManagerTom Steyer
56%
Former Mayor of San AntonioJulian Castro
44%
Senator from New YorkKirsten Gillibrand
44%
Governor of WashingtonJay Inslee
33%
AuthorMarianne Williamson
33%
Senator from ColoradoMichael Bennet
33%
Former Senator from AlaskaMike Gravel
33%
Representative from OhioTim Ryan
33%
Former Governor of MassachusettsDeval Patrick
22%
Representative from CaliforniaEric Swalwell
22%
Former Governor of ColoradoJohn Hickenlooper
22%
Governor of MontanaSteve Bullock
22%
Former Representative from MarylandJohn Delaney
11%
Former Senator from West VirginiaRichard Ojeda
11%
Representative from MassachusettsSeth Moulton
11%
Mayor of Miramar FloridaWayne Messam
11%
Former Representative from PennsylvaniaJoe Sestak
0%

Score Distribution

Percentile by Number Answered

Percent of People with Each Score

Your Score History

You have not taken this quiz